000 00517nam a2200181Ia 4500
005 20250508162802.0
008 008 250505s9999 xx 000 0 eng d
037 _aTextual
040 _aFEDL
_beng
_cFEDL
041 _aeng
_2eng
084 _a371.7, SIN
_qFEDL
100 _aAgya Jit Singh
_9774046
245 0 _aSports psychology : A study of Indian sportsmen
260 _aDelhi, India
_bFriends Publications
_c1992
300 _a254p.
942 _cTEXL
_h371.7, SIN
999 _c1378679
_d1378679